Statistiche per Primi 10 paesi interessati da Covid-19 - 22 aprile

Clicka qui per fare il quiz!

Statistiche generali

  • Questo quiz è stato fatto 6 volte
  • Il punteggio medio è 9 su 16

Statistiche sulle risposte

nazione% Corretto
Francia
100%
Italia
100%
Spagna
100%
Stati Uniti
100%
Cina
83%
Germania
83%
Regno Unito
83%
Belgio
50%
Russia
50%
Svizzera
50%
Iran
33%
Paesi Bassi
33%
Irlanda
17%
Turchia
17%
Portogallo
0%
Qatar
0%

Distribuzione punteggi

Percentile per numero di risposta

Percentuale di utenti per punteggio

I tuoi punteggi nel tempo

Non hai fatto questo quiz